| 000 | 00358nam a2200145 a 4500 | ||
|---|---|---|---|
| 001 | 1067 | ||
| 003 | CDMR | ||
| 005 | 20130116135200.0 | ||
| 008 | 130130s2001||||||||||||||||||||||||||||d | ||
| 040 |
_aCDMR _bcat _cCPC GIRONA |
||
| 100 | 1 |
_aMcCullough, Colleen _9839 |
|
| 245 | 1 | 3 |
_aEl relat de Morgan _cMcCullough, Colleen |
| 260 |
_c2001 _bEdicions 62 |
||
| 942 | _cMON | ||
| 999 |
_c1067 _d1067 |
||